000 00931nam a2200217Ia 4500
008 0000001986 sp ad 0000000000spa00
020 _a8439875673
090 _aPSP00 M85a
100 1 _aMuñoz Cantos, Alfonso
245 1 0 _aAlberto Pancorbo
_c/ textos Alfonso MuñozCantos ; prólogo Francisco Candel
300 _a112 p.
_c/ 32 cm.
500 _aPortada autografiada, con el siguiente texto: Para Luis Fernando con afecto de Pancorbo \ Incluye datos biográficos y cronología artística \ Donación de Galería el Museo de Bogotá \ Donación de Luis Fernando Pradilla, mayo 12 de 2016
600 0 0 _a PANCORBO, ALBERTO, 1956/
_xTRABAJOS PICTORICOS
650 1 4 _a PINTURA ESPAÑOLA
650 1 4 _aARTE CONTEMPORANEO ESPAÑOL
650 1 4 _xCATALOGOS
650 1 4 _aDIBUJOS ESPAÑOLES
650 1 4 _aPINTORES ESPAÑOLES
700 1 _aCandel, Francisco
999 _c14929
_d14929
260 _aBarcelona : Alberto Pancorbo
_c1986